Sudden Death - F1 Teams - Statistics

General Stats
  • This quiz has been taken 232 times
  • The average score is 13 of 22
Answers on the Grid
Answers color-coded by a green-red scale on the quiz's grid according to % correct below.
Acura
Alpine
Aston Martin
Bentley
Brabham
Brawn
Caterham
Chevrolet
Chrysler
Citroen
Dacia
Ferrari
Force India
Haas
Honda
Hyundai
Jaguar
Jordan
Koenigsegg
Kuzma
Lamborghini
Lotus
McLaren
Mercedes
Minardi
Mitsubishi
Nissan
Porsche
Red Bull
Rolls Royce
Sauber
Subaru
Suzuki
Tesla
Toro Rosso
Toyota
Volkswagen
Williams
 
Answer Stats
Answer % Correct
Aston Martin
91%
Alpine
84%
Ferrari
83%
Red Bull
78%
McLaren
77%
Mercedes
73%
Haas
70%
Williams
69%
Force India
65%
Lotus
65%
Sauber
65%
Brawn
61%
Toro Rosso
58%
Brabham
55%
Honda
55%
Jaguar
54%
Jordan
54%
Minardi
50%
Toyota
45%
Caterham
42%
Porsche
32%
Kuzma
13%
No matching quizzes found
Score Distribution
Percent of People with Each Score
Percentile by Number Answered
Your Score History
You have not taken this quiz